00835cam a2200241 a 4500008004100000020002200041245012400063246004600187246002800233250001200261260005900273300002700332440001800359504004100377650002800418650004300446650002900489700002500518700002300543003000100566005001700567040000900584  a0073515213 (pbk.)00aTaking sides :bclashing views in educational psychology /cselected [and] edited by Leonard Abbeduto and Frank Symons.30aClashing views in educational psychology.30aEducational psychology. a5th ed. aBoston, Mass. :bMcGraw-Hill Higher Education,cc2008. axxiv, 408 p. ;c24 cm. 0aTaking sides. aIncludes bibliographical references. 0aEducational psychology. 0aEducational psychologyzUnited States. 0aLearning, Psychology of.1 aSymons, Frank James.1 aAbbeduto, Leonard.20230123125157.0 cNUST